Vista normal
Vista MARC
Entrada Materia (personas)
Número de registros utilizados en: 1
001 - CONTROL NUMBER
- control field: 94683
003 - CONTROL NUMBER IDENTIFIER
- control field: Co-BoUCM
005 - DATE AND TIME OF LATEST TRANSACTION
- control field: 20181127103930.0
008 - FIXED-LENGTH DATA ELEMENTS
- fixed length control field: 181127|| aca||aabn | a|a d
040 ## - CATALOGING SOURCE
- Original cataloging agency: Co-BoUCM
- Transcribing agency: Co-BoUCM
100 ## - HEADING--PERSONAL NAME
- Personal name: Frangulis, A.-F.
- Dates associated with a name: 1888-
- Fuller form of name: (Antoine F.)
670 ## - SOURCE DATA FOUND
- Source citation: Work cat.: (Co-BoUCM): Frangulis, A.-F. 1888- (Antoine F.), Dictionnaire diplomatique, [fecha desconocida]